Normal view
MARC view
- MS Thesis Remote Sensing and GIS.
Entry Topical Term
001 - CONTROL NUMBER
- control field: 29221
003 - CONTROL NUMBER IDENTIFIER
- control field: NUST
005 - DATE AND TIME OF LATEST TRANSACTION
- control field: 20200625110709.0
008 - FIXED-LENGTH DATA ELEMENTS
- fixed length control field: 200625|| aca||aabn | a|a d
040 ## - CATALOGING SOURCE
- Original cataloging agency: NUST
- Transcribing agency: NUST
150 ## - HEADING--TOPICAL TERM
- Topical term or geographic name entry element: MS Thesis Remote Sensing and GIS.
670 ## - SOURCE DATA FOUND
- Source citation: Work cat.: (NUST): Urban Expansion as an Incursive Factor for Food Security: An Assessment of Spatio-Temporal Variations in Punjab 29220, Urban Expansion as an Incursive Factor for Food Security: An Assessment of Spatio-Temporal Variations in Punjab /, 2017.
